RESEARCH METHODS FOR BUSINESS AND AOCIAL SCIENCE STUDENT (Record no. 34414)
[ view plain ]
| 000 -LEADER | |
|---|---|
| fixed length control field | 00281nam a22001217a 4500 |
| 003 - CONTROL NUMBER IDENTIFIER | |
| control field | SGT |
| 082 ## - DEWEY DECIMAL CLASSIFICATION NUMBER | |
| Classification number | 300.72,ADA |
| 100 ## - MAIN ENTRY--PERSONAL NAME | |
| Personal name | ADAMS,JOHAN |
| 245 ## - TITLE STATEMENT | |
| Title | RESEARCH METHODS FOR BUSINESS AND AOCIAL SCIENCE STUDENT |
| 260 ## - PUBLICATION, DISTRIBUTION, ETC. (IMPRINT) | |
| Name of publisher, distributor, etc | SAGE PUB. |
| Year of Publication | 2014 |
| 300 ## - PAGE DESCRIPTION | |
| No. of Pages | 280 |
| 942 ## - ADDED ENTRY ELEMENTS (KOHA) | |
| Source of classification or shelving scheme | Dewey Decimal Classification |
| Koha item type | Gifted Books |
| Withdrawn status | Lost status | Source of classification or shelving scheme | Damaged status | Not for loan | Collection code | Home library | Current library | Shelving location | Date acquired | Vendor Name | Cost, normal purchase price | SGTU | Full call number | Accession No. (Barcode) | Date last seen | Bill Date | Koha item type |
|---|---|---|---|---|---|---|---|---|---|---|---|---|---|---|---|---|---|
| Dewey Decimal Classification | ENGINEERING | SGT Engineering Library | SGT Engineering Library | Text Book | 19/03/2026 | GIFTED | 625.00 | SGTU | 300.72,ADA | FE9538 | 19/03/2026 | 19/03/2026 | Gifted Books |